| 000 | 00814cam a2200277 a 4500 | ||
|---|---|---|---|
| 003 | MX-MxUPN | ||
| 005 | 20240528132552.0 | ||
| 008 | 191031s2007 mx a ar 000 j spa d | ||
| 020 | _a9789684942240 | ||
| 035 | _aUPN01000233804 | ||
| 040 |
_aMX-MxUPN _bspa |
||
| 041 | 4 | _aspa | |
| 050 | 4 |
_aPZ74.9 _bR663 2007 |
|
| 100 | 1 |
_aRomán, Edgar _934057 |
|
| 245 | 1 | 0 | _aMe parezco, me parezco--- |
| 250 | _aPrimera edición | ||
| 260 |
_aMéxico, D.F. : _bCIDCLI, _c2007. |
||
| 300 |
_a[16] páginas : _bilustraciones a color |
||
| 650 | 4 |
_952074 _aImagen corporal _xLiteratura infantil |
|
| 650 | 4 |
_97723 _aCuentos infantiles mexicanos |
|
| 700 | 1 |
_952073 _aSanfelippo, Ana, _d1982- _eilustración |
|
| 902 | _bVíctorGodínez/280524 | ||
| 905 | _aInfantil | ||
| 942 |
_2lcc _cLIBRO |
||
| 999 |
_c205899 _d205899 |
||